00325nam a2200121Ia 4500008004100000041000800041082001500049100002000064245004500084260003100129300003200160365001100192240624s9999 xx 000 0 und d aeng a330.95 AGR aAGRAWAL PRADEEP aPOLICY REGIMES AND INDUSTRIAL COMPETITIV c2007aNew DelhibMacmillan axvii, : 315 : p. : cm. ; 20 cRSb35